Veterinary immunology

Sparad:
Bibliografiska uppgifter
Huvudupphovsman: Herbert, William John
Materialtyp: Bok
Språk:Undetermined
Publicerad: Oxford Blackwell Scientific Publications 1970
Ämnen:
Taggar: Lägg till en tagg
Inga taggar, Lägg till första taggen!
Thư viện lưu trữ: Trung tâm Học liệu Trường Đại học Cần Thơ
LEADER 00504nam a2200181Ia 4500
001 CTU_126145
008 210402s9999 xx 000 0 und d
082 |a 636.0896079 
082 |b H536 
100 |a Herbert, William John 
245 0 |a Veterinary immunology 
245 0 |c William John Herbert 
260 |a Oxford 
260 |b Blackwell Scientific Publications 
260 |c 1970 
650 |a Veterinary immunology 
904 |i Nguyên 
980 |a Trung tâm Học liệu Trường Đại học Cần Thơ